[Event "XII Open"]
[Site "Crema ITA"]
[Date "2010.09.05"]
[Round "1"]
[White "Vuckovic, Dimitrije"]
[Black "Lucchese, Paolo"]
[Result "0-1"]
[WhiteElo "1566"]
[BlackElo "1917"]
[PlyCount "148"]
[EventDate "2010.09.03"]

1. Nf3 c5 2. c4 Nc6 3. Nc3 g6 4. d4 cxd4 5. Nxd4 Bg7 6. e3 d6 7. Be2 Bd7 8. O-O
Rc8 9. Nb3 Na5 10. Nxa5 Qxa5 11. Bd2 Qd8 12. Rc1 Nf6 13. Qb3 Bc6 14. a4 O-O 15.
Rfd1 Nd7 16. Qc2 a5 17. Ne4 f5 18. Ng5 Nc5 19. b3 h6 20. Nf3 Be4 21. Qa2 e5 22.
b4 axb4 23. Bxb4 Qc7 24. Nd2 Bc6 25. a5 Kh7 26. Nb3 Nxb3 27. Qxb3 Rfd8 28. Qa3
Bf8 29. Rd2 Rd7 30. Rcd1 Rcd8 31. Qb2 Bg7 32. Qb3 Bf8 33. Ra2 Bg7 34. a6 bxa6
35. Ba5 Qb8 36. Bb6 Rb7 37. Rxa6 d5 38. c5 Bf8 39. Qc3 Rdd7 40. Rda1 d4 41.
exd4 exd4 42. Qb3 Qe8 43. Qa2 Bd5 44. Qd2 Bc6 45. Ra8 Qf7 46. Bd3 Bxc5 47. Bxc5
Qd5 48. f3 Qxc5 49. Qa2 Bd5 50. Qa6 Rb6 51. Qc8 Qxc8 52. Rxc8 Rb3 53. Bf1 Rb4
54. Rac1 Kg7 55. Bd3 Kf6 56. f4 Rb3 57. Rf8+ Kg7 58. Bc4 Bxc4 59. Rc8 Bd3 60.
h3 Be4 61. Kh2 Rb2 62. Rg1 d3 63. Kg3 Ra7 64. h4 h5 65. Rd8 Kf7 66. Rd4 Ke7 67.
Kh2 Raa2 68. Kg3 Rxg2+ 69. Rxg2 Rxg2+ 70. Kh3 d2 71. Rxe4+ fxe4 72. f5 Rg1 73.
f6+ Kxf6 74. Kh2 d1=Q 0-1

[Event "XII Open"]
[Site "Crema ITA"]
[Date "2010.09.05"]
[Round "2"]
[White "Acunzo, Domenico"]
[Black "Stradiotti, Maurizio"]
[Result "1-0"]
[WhiteElo "1802"]
[BlackElo "1686"]
[PlyCount "55"]
[EventDate "2010.09.03"]

1. e4 c6 2. d4 e6 3. Nf3 d5 4. exd5 cxd5 5. Bd3 Nc6 6. c3 Bd6 7. O-O Qc7 8. Re1
Nf6 9. h3 Bd7 10. a3 O-O 11. Nbd2 Rae8 12. Nf1 e5 13. dxe5 Nxe5 14. Bg5 Nxf3+
15. Qxf3 Ne4 16. Be3 f5 17. Rac1 Rf6 18. c4 f4 19. Bd4 Rg6 20. cxd5 Ng5 21.
Rxe8+ Bxe8 22. Qd1 Nxh3+ 23. Kh1 Rh6 24. Rxc7 Nxf2+ 25. Kg1 Nxd1 26. Rxg7+ Kf8
27. Rxb7 Bg6 28. Bg7+ 1-0

[Event "XII Open"]
[Site "Crema ITA"]
[Date "2010.09.05"]
[Round "2"]
[White "Attuati, Stefano"]
[Black "Giretti Kanev, Jasen"]
[Result "0-1"]
[WhiteElo "1930"]
[BlackElo "2191"]
[PlyCount "104"]
[EventDate "2010.09.03"]

1. e4 c6 2. d4 d5 3. Nc3 dxe4 4. Nxe4 Nf6 5. Nxf6+ gxf6 6. Nf3 Bg4 7. Be2 e6 8.
Bf4 Bd6 9. Qd2 Rg8 10. O-O-O a5 11. h3 Bf5 12. g4 Bg6 13. h4 Na6 14. Bxa6 Rxa6
15. Qe3 Bxf4 16. Qxf4 h5 17. gxh5 Bxh5 18. Rdg1 Rg6 19. Nd2 Ke7 20. Ne4 Qxd4
21. Qc7+ Kf8 22. Nd6 Rxg1+ 23. Rxg1 Ra8 24. Nxb7 Qe5 25. Qxc6 Rb8 26. Qc5+ Qxc5
27. Nxc5 Rb4 28. Rh1 Bg6 29. h5 Bxc2 30. Nxe6+ fxe6 31. Kxc2 Rf4 32. Rh2 Kg7
33. a3 Kh6 34. Kc3 a4 35. Kc2 Rf3 36. Kd2 e5 37. Kc2 f5 38. Kd2 e4 39. Kc2 Rd3
40. Rh4 Kg5 41. Rh2 Kh6 42. Rh4 Rf3 43. Rh2 f4 44. Kd2 Rxf2+ 45. Rxf2 e3+ 46.
Ke2 exf2 47. Kxf2 Kxh5 48. Kf3 Kg5 49. Kf2 Kf5 50. Kf3 Ke5 51. Kf2 Ke4 52. Ke2
f3+ 0-1

[Event "XII Open"]
[Site "Crema ITA"]
[Date "2010.09.05"]
[Round "2"]
[White "Baccarin, Stefano"]
[Black "Scotti, Luigi"]
[Result "1-0"]
[WhiteElo "1794"]
[BlackElo "1592"]
[PlyCount "81"]
[EventDate "2010.09.03"]

1. e4 d6 2. d4 Nf6 3. Nc3 g6 4. f4 Bg7 5. Nf3 O-O 6. Bd3 Nc6 7. O-O a6 8. h3
Nh5 9. Be3 b5 10. Qd2 e6 11. Ne2 Bb7 12. g4 Nf6 13. Ng3 Ne7 14. f5 exf5 15.
gxf5 Qd7 16. Nh4 Rac8 17. Rf2 c5 18. e5 dxe5 19. dxe5 c4 20. exf6 Bxf6 21. fxg6
cxd3 22. gxh7+ Kxh7 23. Rxf6 Ng6 24. Nxg6 fxg6 25. Rxf8 Rxf8 26. Kh2 Rc8 27.
cxd3 Qg7 28. Ne4 Qe5+ 29. Bf4 Qd4 30. Ng5+ Kg8 31. Re1 Bd5 32. Be5 Qa7 33. Rf1
Bxa2 34. Qf2 Qe7 35. Qf6 Rc2+ 36. Kg1 Qxf6 37. Rxf6 Rc1+ 38. Kf2 Rc2+ 39. Ke3
Bb3 40. Rxg6+ Kf8 41. Rxa6 1-0

[Event "XII Open"]
[Site "Crema ITA"]
[Date "2010.09.05"]
[Round "2"]
[White "Biava, Pierluigi"]
[Black "Rizzi, Pietro"]
[Result "0-1"]
[WhiteElo "1765"]
[BlackElo "1579"]
[PlyCount "144"]
[EventDate "2010.09.03"]

1. e4 c6 2. Nc3 d5 3. Nf3 dxe4 4. Nxe4 Bf5 5. Ng3 Bg4 6. Be2 Nd7 7. d4 Ngf6 8.
h3 Bxf3 9. Bxf3 e6 10. O-O Qc7 11. Re1 O-O-O 12. c4 Bd6 13. Nf1 c5 14. Be3 cxd4
15. Qxd4 Bc5 16. Qc3 Bxe3 17. Qxe3 Kb8 18. Rac1 Qc5 19. b4 Qxe3 20. Rxe3 Nb6
21. Re5 Rd4 22. Rb5 Ne4 23. a4 Nxc4 24. Bxe4 Rxe4 25. Rc5 Nd6 26. Rb1 Rc8 27.
Nd2 Rd4 28. Nf3 Rc4 29. Rxc8+ Kxc8 30. Ne5 Re4 31. Nd3 b6 32. f3 Re2 33. Kf1
Rc2 34. Rc1 Rxc1+ 35. Nxc1 a5 36. b5 Nc4 37. Nd3 f6 38. Kf2 Kd7 39. h4 Kd6 40.
g4 Ne5 41. Nf4 Ng6 42. Nh5 Nxh4 43. Nxg7 Ke7 44. Nh5 Ng6 45. Ng3 Ne5 46. Ne4
Nc4 47. Ke2 f5 48. gxf5 exf5 49. Nc3 Kd6 50. Kd3 Kc5 51. Ne2 Nb2+ 52. Kc3 Nd1+
53. Kb3 h5 54. Ng3 h4 55. Nxf5 h3 56. Ng3 h2 57. f4 Ne3 58. Ne4+ Kd4 59. Nf2
Ng4 60. Nh1 Ke4 61. Kc4 Kf3 62. Kd5 Kg2 63. Kc6 Kxh1 64. Kxb6 Kg2 65. Kxa5 h1=Q
66. b6 Qe1+ 67. Ka6 Qe2+ 68. Ka7 Qd2 69. b7 Qa5+ 70. Kb8 Qxa4 71. Kc8 Qc6+ 72.
Kb8 Nf6 0-1

[Event "XII Open"]
[Site "Crema ITA"]
[Date "2010.09.05"]
[Round "2"]
[White "Bocci, Alessandro"]
[Black "Oteri, Aldo"]
[Result "0-1"]
[WhiteElo "1965"]
[BlackElo "1829"]
[PlyCount "40"]
[EventDate "2010.09.03"]

1. d4 Nf6 2. c4 g6 3. Nc3 Bg7 4. e4 d6 5. Nf3 O-O 6. Be2 e5 7. d5 a5 8. Bg5 h6
9. Bh4 Nbd7 10. Nd2 Qe8 11. a3 Nc5 12. b4 axb4 13. axb4 Rxa1 14. Qxa1 Ncxe4 15.
Ndxe4 Nxe4 16. Nxe4 f5 17. Bd3 fxe4 18. Bxe4 Rf4 19. Bxg6 Qxg6 20. Bg3 Re4+ 0-1

[Event "XII Open"]
[Site "Crema ITA"]
[Date "2010.09.05"]
[Round "2"]
[White "Bonazzi, Edoardo"]
[Black "Colombo, Luca"]
[Result "1-0"]
[WhiteElo "2188"]
[BlackElo "1918"]
[PlyCount "105"]
[EventDate "2010.09.03"]

1. Nf3 Nf6 2. c4 g6 3. Nc3 Bg7 4. g3 O-O 5. Bg2 d6 6. O-O e5 7. d3 Nc6 8. Rb1
Be6 9. b4 h6 10. b5 Ne7 11. Qc2 Qd7 12. Re1 g5 13. Nd2 c6 14. bxc6 bxc6 15. Ba3
Rab8 16. Qa4 Rfc8 17. Rb3 Qc7 18. Reb1 Rxb3 19. Qxb3 Nd7 20. Qb7 Nf5 21. Qxc7
Rxc7 22. e4 Nd4 23. Bxd6 Rc8 24. Rb7 Bf8 25. Bxf8 Rxf8 26. Nb3 Rb8 27. Rxb8+
Nxb8 28. Nxd4 exd4 29. Na4 Na6 30. a3 f6 31. f4 Kf7 32. Kf2 Ke7 33. fxg5 hxg5
34. h4 g4 35. e5 Bd7 36. exf6+ Kxf6 37. Ke2 c5 38. Nb2 Nb8 39. Nd1 Nc6 40. Nf2
Ne7 41. Ne4+ Ke5 42. Nxc5 Bc8 43. Be4 Bf5 44. Bxf5 Nxf5 45. Ne4 Ne3 46. Kd2
Nf1+ 47. Kc2 Nh2 48. Kb3 Nf3 49. c5 Ne1 50. Kc4 Nc2 51. c6 Ke6 52. Kc5 Nxa3 53.
h5 1-0

[Event "XII Open"]
[Site "Crema ITA"]
[Date "2010.09.05"]
[Round "2"]
[White "Borboni, Paolo"]
[Black "Vuckovic, Dimitrije"]
[Result "0-1"]
[WhiteElo "1745"]
[BlackElo "1566"]
[PlyCount "80"]
[EventDate "2010.09.03"]

1. d4 Nf6 2. c4 g6 3. Nc3 Bg7 4. e4 d6 5. f3 O-O 6. Be3 Nc6 7. Rb1 Bd7 8. b4 a6
9. Bd3 Rc8 10. a4 Re8 11. Nge2 b6 12. g4 e5 13. d5 Ne7 14. b5 a5 15. Ng3 Kh8
16. h4 h5 17. gxh5 Nxh5 18. Nxh5 gxh5 19. f4 Bg4 20. Be2 exf4 21. Bd4 Qd7 22.
Bxg7+ Kxg7 23. Rg1 f5 24. Qd4+ Kf7 25. e5 dxe5 26. Qxe5 Ng6 27. Qd4 f3 28. Qd2
fxe2 29. Qh6 Rg8 30. Rb2 Rce8 31. d6 Qd8 32. dxc7 Qxh4+ 33. Kd2 e1=Q+ 34. Rxe1
Qxe1+ 35. Kc2 Qe5 36. Qd2 Qxc7 37. Qd5+ Re6 38. Kb3 Rd8 39. Qg2 Ne5 40. Qh2
Qxc4+ 0-1

[Event "XII Open"]
[Site "Crema ITA"]
[Date "2010.09.05"]
[Round "2"]
[White "Carrai, Giacomo"]
[Black "Chiaravalloti, Francesco"]
[Result "1-0"]
[WhiteElo "1860"]
[BlackElo "1500"]
[PlyCount "71"]
[EventDate "2010.09.03"]

1. Nf3 e6 2. c4 c6 3. e4 g6 4. d4 Bg7 5. Nc3 Ne7 6. Bg5 d5 7. e5 O-O 8. Qd2 Re8
9. Be2 dxc4 10. Bxc4 Nd7 11. O-O-O Nb6 12. Bb3 Nbd5 13. Ne4 Rf8 14. Bxd5 exd5
15. Nf6+ Kh8 16. h3 Qc7 17. g4 Be6 18. Kb1 c5 19. Rc1 c4 20. Bh6 Ng8 21. Bg5
Rfc8 22. Rhg1 a5 23. h4 a4 24. a3 Qb6 25. h5 Bf8 26. Rc3 Qc7 27. hxg6 fxg6 28.
Rh1 Nxf6 29. Bxf6+ Bg7 30. Ng5 Bg8 31. Rch3 Bxf6 32. exf6 Rf8 33. f7 Bxf7 34.
Rxh7+ Kg8 35. Ne6 Qb6 36. Rh8# 1-0

[Event "XII Open"]
[Site "Crema ITA"]
[Date "2010.09.05"]
[Round "2"]
[White "Casale, Anania"]
[Black "Molteni, Diego"]
[Result "1-0"]
[WhiteElo "1732"]
[BlackElo "1527"]
[PlyCount "55"]
[EventDate "2010.09.03"]

1. d4 Nf6 2. c4 e6 3. Nc3 d5 4. Bg5 Be7 5. Nf3 h6 6. Bh4 O-O 7. e3 b6 8. Be2
Bb7 9. O-O Nbd7 10. Rc1 dxc4 11. Bxc4 c5 12. Bg3 cxd4 13. exd4 Re8 14. Nb5 Nh5
15. Bc7 Qc8 16. Bd6 Qd8 17. Bc7 Qc8 18. Ne5 Nf4 19. Nxf7 Kxf7 20. Bxf4 Qc6 21.
Qg4 Nf6 22. Qh3 g5 23. Rfe1 g4 24. Qg3 Ne4 25. Qxg4 Rg8 26. Qh5+ Rg6 27. Bd3
Nc5 28. Qxg6+ 1-0

[Event "XII Open"]
[Site "Crema ITA"]
[Date "2010.09.05"]
[Round "2"]
[White "Cattaneo, Dario"]
[Black "Lanni, Vincenzo"]
[Result "1/2-1/2"]
[WhiteElo "1599"]
[BlackElo "1817"]
[PlyCount "20"]
[EventDate "2010.09.03"]

1. d4 g6 2. Nf3 Bg7 3. c4 d6 4. Nc3 Nf6 5. e3 O-O 6. Be2 c5 7. O-O cxd4 8. exd4
b6 9. Be3 Bb7 10. h3 Nbd7 1/2-1/2

[Event "XII Open"]
[Site "Crema ITA"]
[Date "2010.09.05"]
[Round "2"]
[White "Cautiero, Pietro"]
[Black "Vecchio, Paolo L."]
[Result "1-0"]
[WhiteElo "1686"]
[BlackElo "1368"]
[PlyCount "55"]
[EventDate "2010.09.03"]

1. Nf3 Nf6 2. g3 d6 3. Bg2 e5 4. d3 Nc6 5. O-O Nd4 6. c3 Nxf3+ 7. Bxf3 Bg4 8.
Bxb7 Bh3 9. Re1 Rb8 10. Qa4+ Qd7 11. Bc6 Rd8 12. Bxd7+ Rxd7 13. Qxa7 d5 14. Bg5
h6 15. Bxf6 gxf6 16. Qb8+ Ke7 17. Qb4+ Ke6 18. Qh4 Bf5 19. e4 dxe4 20. dxe4 Bh7
21. Na3 Bxa3 22. bxa3 Bg6 23. f4 Rd3 24. f5+ Bxf5 25. exf5+ Kd6 26. Qxf6+ Kd5
27. Rxe5+ Kc4 28. Qc6# 1-0

[Event "XII Open"]
[Site "Crema ITA"]
[Date "2010.09.05"]
[Round "2"]
[White "Cervini, Ernesto"]
[Black "Agnelli, Francesco"]
[Result "0-1"]
[WhiteElo "1833"]
[BlackElo "2044"]
[PlyCount "60"]
[EventDate "2010.09.03"]

1. d4 Nf6 2. c4 g6 3. Nc3 Bg7 4. e4 d6 5. Be2 O-O 6. Nf3 Nbd7 7. O-O e5 8. d5
Nc5 9. Qc2 a5 10. h3 Nh5 11. Re1 Bd7 12. Be3 b6 13. Rac1 Nf4 14. Bf1 Qf6 15.
Nb5 Rac8 16. h4 Bg4 17. Nh2 Qxh4 18. Nxg4 Qxg4 19. Bxf4 exf4 20. f3 Qg3 21. Na7
Rce8 22. Nc6 h5 23. b3 h4 24. Qf2 Nd7 25. Rcd1 Ne5 26. Qxg3 hxg3 27. Nxe5 Bxe5
28. Bd3 Kg7 29. Bc2 Rh8 30. Kf1 Bc3 0-1

[Event "XII Open"]
[Site "Crema ITA"]
[Date "2010.09.05"]
[Round "2"]
[White "Cocconcelli, Lorenzo"]
[Black "Attuati, Sara"]
[Result "1-0"]
[WhiteElo "1809"]
[BlackElo "1455"]
[PlyCount "45"]
[EventDate "2010.09.03"]

1. d4 d5 2. c4 e6 3. Nc3 f5 4. g3 Nf6 5. Bg5 c6 6. Bg2 Bd6 7. Nh3 O-O 8. O-O
Qe8 9. f3 Nbd7 10. e4 fxe4 11. fxe4 dxe4 12. c5 Bc7 13. Nxe4 Nd5 14. Qe2 e5 15.
Nc3 exd4 16. Rxf8+ Qxf8 17. Nxd5 cxd5 18. Bxd5+ Kh8 19. Rf1 Nf6 20. Bxf6 gxf6
21. Ng5 Bd7 22. Nf7+ Kg7 23. Qh5 1-0

[Event "XII Open"]
[Site "Crema ITA"]
[Date "2010.09.05"]
[Round "2"]
[White "Cretti, Marco"]
[Black "Adami, Antonio"]
[Result "0-1"]
[WhiteElo "1410"]
[BlackElo "1686"]
[PlyCount "74"]
[EventDate "2010.09.03"]

1. d4 f5 2. Nf3 Nf6 3. c4 g6 4. e3 Bg7 5. Bd3 O-O 6. O-O d6 7. Nc3 Qe8 8. Re1
e5 9. dxe5 dxe5 10. e4 f4 11. b3 c6 12. Bb2 Bg4 13. h3 Bh5 14. Be2 Nbd7 15. Qc2
Rd8 16. Rad1 h6 17. Rd2 g5 18. Nh2 Qe6 19. Bxh5 Nxh5 20. Qd1 Nhf6 21. Rd6 Qe8
22. Ba3 Rf7 23. Rd2 Bf8 24. Bxf8 Rxf8 25. Ng4 Nxg4 26. Qxg4 Nf6 27. Rxd8 Qxd8
28. Qd1 Qa5 29. Qc2 Rd8 30. Kf1 Rd4 31. f3 Nh5 32. Ne2 Rd2 33. Qc1 Qxa2 34. Qc3
Rxe2 35. Rxe2 Ng3+ 36. Kf2 Qxe2+ 37. Kg1 Qf1+ 0-1

[Event "XII Open"]
[Site "Crema ITA"]
[Date "2010.09.05"]
[Round "2"]
[White "Everet, Alexandro"]
[Black "Quagliarella, Sabino Remo"]
[Result "1-0"]
[WhiteElo "2246"]
[BlackElo "1937"]
[PlyCount "87"]
[EventDate "2010.09.03"]

1. b3 d5 2. Bb2 c5 3. f4 Nc6 4. Nf3 Bg4 5. g3 e6 6. Bg2 Nf6 7. d3 Be7 8. O-O
O-O 9. Nbd2 h6 10. h3 Bf5 11. Qe1 Nb4 12. Qf2 d4 13. g4 Bxg4 14. hxg4 Nxg4 15.
Qg3 Ne3 16. c3 Nf5 17. Qh3 dxc3 18. Bxc3 Nd5 19. Be5 Nde3 20. Rf2 Bf6 21. Nc4
Nxc4 22. bxc4 Bxe5 23. Nxe5 Qd4 24. Rb1 Rab8 25. Qf3 f6 26. Ng6 Rf7 27. Bh3 Kh7
28. Bxf5 exf5 29. Qh5 Qe3 30. Qxf5 Kg8 31. Qe4 Qxe4 32. dxe4 Rd7 33. e5 Kf7 34.
f5 Rd4 35. e6+ Ke8 36. Rc1 Rbd8 37. Nf4 Rd1+ 38. Rxd1 Rxd1+ 39. Kg2 Rc1 40. Kf3
Rxc4 41. Rg2 Kf8 42. Nd5 Rd4 43. e4 c4 44. e7+ 1-0

[Event "XII Open"]
[Site "Crema ITA"]
[Date "2010.09.05"]
[Round "2"]
[White "Folcini, Gaddo"]
[Black "Guglielmetti, Oscar"]
[Result "0-1"]
[WhiteElo "1543"]
[BlackElo "1779"]
[PlyCount "82"]
[EventDate "2010.09.03"]

1. d4 Nf6 2. e4 Nxe4 3. Nf3 Nf6 4. Bd3 g6 5. Bg5 Bg7 6. O-O O-O 7. Bxf6 Bxf6 8.
h4 d6 9. Ng5 Bxd4 10. Bxg6 Bxf2+ 11. Rxf2 fxg6 12. Qd5+ e6 13. Nxe6 Bxe6 14.
Qxe6+ Kh8 15. Rxf8+ Qxf8 16. Nd2 Na6 17. Rf1 Qg7 18. Nf3 Rf8 19. c3 Nc5 20. Qe3
b6 21. Re1 a5 22. Rf1 Qf6 23. Qh6 Qf4 24. Qxf4 Rxf4 25. Re1 Re4 26. Rxe4 Nxe4
27. Kf1 Kg7 28. Ke2 Kf6 29. g4 h6 30. Ke3 Nc5 31. Kd4 Ke6 32. c4 Nd7 33. a3 c5+
34. Kc3 Ne5 35. Nh2 g5 36. h5 d5 37. b4 axb4+ 38. axb4 dxc4 39. Nf1 Kd5 40.
Ne3+ Ke4 41. Nc2 b5 0-1

[Event "XII Open"]
[Site "Crema ITA"]
[Date "2010.09.05"]
[Round "2"]
[White "Gagliardi, Christian"]
[Black "Riboldi, Raffaele"]
[Result "1-0"]
[WhiteElo "2192"]
[BlackElo "1923"]
[PlyCount "61"]
[EventDate "2010.09.03"]

1. e4 e6 2. d3 c5 3. Nf3 Nc6 4. g3 g6 5. Bg2 Bg7 6. O-O Nge7 7. c3 d6 8. d4 O-O
9. dxc5 dxc5 10. Qe2 e5 11. Be3 b6 12. a4 a5 13. Rd1 Qc7 14. Na3 Ba6 15. Qc2
Rad8 16. Bf1 Rxd1 17. Rxd1 Bxf1 18. Kxf1 Rd8 19. Kg2 Rxd1 20. Qxd1 Qd8 21. Qb3
Nc8 22. Nd2 Kf8 23. Qb5 N6a7 24. Qa6 Nc6 25. Bxc5+ Kg8 26. Be3 Bf8 27. Nac4 Nb8
28. Qb5 Nd7 29. Nxe5 Nxe5 30. Qxe5 Bg7 31. Qb8 1-0

[Event "XII Open"]
[Site "Crema ITA"]
[Date "2010.09.05"]
[Round "2"]
[White "Galli, Fabrizio"]
[Black "Bertoletti, Vincenzo"]
[Result "1/2-1/2"]
[WhiteElo "1472"]
[BlackElo "1737"]
[PlyCount "84"]
[EventDate "2010.09.03"]

1. d4 d5 2. Nf3 Nf6 3. e3 e6 4. Bd3 Bd6 5. O-O O-O 6. Nbd2 Nbd7 7. Re1 c5 8. c3
b6 9. e4 e5 10. dxe5 Nxe5 11. Nxe5 Bxe5 12. Nf3 Bg4 13. exd5 Qxd5 14. Bxh7+
Kxh7 15. Qxd5 Nxd5 16. Rxe5 Bxf3 17. gxf3 Rad8 18. Bd2 f6 19. Re4 Rd7 20. Rae1
Rfd8 21. c4 Nb4 22. Bxb4 cxb4 23. R4e2 a5 24. b3 Kg6 25. Kg2 Rd4 26. Kg3 Kf5
27. h3 g5 28. Rc1 Rc8 29. Ra1 Rd3 30. Rh1 Rh8 31. Rc1 Rc8 32. Rh1 Rd4 33. h4 g4
34. h5 gxf3 35. Kxf3 Rf4+ 36. Ke3 Rd8 37. h6 Rfd4 38. Kf3 Rh8 39. h7 Rd7 40.
Rc2 Rc7 41. Ke3 Re7+ 42. Kf3 Re5 1/2-1/2

[Event "XII Open"]
[Site "Crema ITA"]
[Date "2010.09.05"]
[Round "2"]
[White "Gemelli, Giovanni"]
[Black "Pisani, Valerio"]
[Result "0-1"]
[WhiteElo "1500"]
[BlackElo "1749"]
[PlyCount "144"]
[EventDate "2010.09.03"]

1. e4 e6 2. d4 d5 3. Nc3 Nf6 4. e5 Nfd7 5. f4 c5 6. Nf3 Nc6 7. Be3 Qb6 8. Na4
Qa5+ 9. c3 Nxd4 10. Nxd4 cxd4 11. Bxd4 b5 12. b4 Qxa4 13. Qxa4 bxa4 14. Bb5 a3
15. Bc6 Rb8 16. Bxa7 Rb7 17. Bxb7 Bxb7 18. O-O Be7 19. Rfd1 Ba6 20. Bd4 O-O 21.
h3 f6 22. Rd2 Bc4 23. g4 fxe5 24. fxe5 Bh4 25. Rg2 Rf3 26. Rh2 Rg3+ 27. Kh1 Bd3
28. Rd2 Rxh3+ 29. Kg1 Be4 30. Rh2 Rg3+ 31. Kf1 Bd3+ 32. Kf2 Rxg4+ 33. Ke3 Be4
34. Ke2 Bg5 35. Rf2 Rg3 36. Rd1 Bc2 37. Rh1 Ba4 38. Rf3 Rg2+ 39. Rf2 Bb5+ 40.
Kf3 Rxf2+ 41. Kxf2 Bf4 42. Re1 Kf7 43. Kf3 Bg5 44. Kg2 Kg6 45. Kf3 Kf5 46. Rh1
h6 47. Re1 Bf4 48. Rg1 Nxe5+ 49. Bxe5 Bxe5 50. Ke3 Bxc3 51. Rb1 d4+ 52. Kf2 h5
53. Kg3 g5 54. Rh1 h4+ 55. Kf3 Bc6+ 56. Kf2 Bxh1 57. Kg1 Bd5 58. Kf2 h3 59. b5
d3 60. b6 Bd4+ 61. Ke1 Bxb6 62. Kd2 Be4 63. Kd1 h2 64. Ke1 h1=Q+ 65. Kd2 Ba5+
66. Ke3 Qf3+ 67. Kd4 Bb6+ 68. Kc4 Qd1 69. Kc3 Qc2+ 70. Kb4 Qc5+ 71. Kb3 Bd5+
72. Ka4 Qa5# 0-1

[Event "XII Open"]
[Site "Crema ITA"]
[Date "2010.09.05"]
[Round "2"]
[White "Giallombardo, Federico"]
[Black "Bolico, Exfelicos"]
[Result "0-1"]
[WhiteElo "1919"]
[BlackElo "2160"]
[PlyCount "80"]
[EventDate "2010.09.03"]

1. d4 Nf6 2. c4 g6 3. Nc3 Bg7 4. e4 d6 5. Be2 O-O 6. Nf3 e5 7. dxe5 dxe5 8.
Qxd8 Rxd8 9. O-O Nc6 10. Bg5 Re8 11. Rfd1 Bg4 12. Be3 Nd4 13. Nxd4 exd4 14.
Bxd4 Bxe2 15. Nxe2 Nxe4 16. Bxg7 Kxg7 17. Kf1 Rad8 18. Ke1 Nc5 19. Rxd8 Rxd8
20. Nc1 Kf6 21. f3 Ke5 22. b3 Nd3+ 23. Nxd3+ Rxd3 24. Ke2 Kd4 25. Rc1 c5 26.
Rc2 f5 27. f4 h6 28. Kf2 g5 29. fxg5 hxg5 30. g3 a6 31. Re2 b5 32. cxb5 axb5
33. Re7 Rd2+ 34. Re2 Rxe2+ 35. Kxe2 f4 36. gxf4 gxf4 37. h4 c4 38. h5 Ke5 39.
bxc4 bxc4 40. a4 c3 0-1

[Event "XII Open"]
[Site "Crema ITA"]
[Date "2010.09.05"]
[Round "2"]
[White "Guidi, Giacomo G."]
[Black "Salami, Marco"]
[Result "0-1"]
[WhiteElo "1942"]
[BlackElo "2195"]
[PlyCount "118"]
[EventDate "2010.09.03"]

1. Nf3 f5 2. d3 d6 3. e4 e5 4. exf5 Bxf5 5. d4 e4 6. Ng5 h6 7. Nh3 Nf6 8. d5
Bxh3 9. gxh3 c6 10. c4 Qd7 11. Nc3 Na6 12. Be3 c5 13. Bg2 O-O-O 14. Nxe4 Nxe4
15. Bxe4 Qxh3 16. a3 Be7 17. Qc2 Kb8 18. O-O-O Rhf8 19. Rdg1 g5 20. Rg3 Qd7 21.
Rhg1 Bf6 22. h4 gxh4 23. Rg6 Qe7 24. Bxh6 Rfe8 25. f3 Qe5 26. Qd2 Nc7 27. Bf4
Qe7 28. Bg5 Bxg5 29. R1xg5 Rh8 30. Rg7 Qf8 31. Qa5 Qf4+ 32. Kb1 b6 33. Qa4 Rc8
34. Bf5 b5 35. Qa5 Qxc4 36. Bxc8 Rxc8 37. Rg8 Qd3+ 38. Ka1 Qd1+ 39. Ka2 Rxg8
40. Rxg8+ Kb7 41. Rg7 Qxd5+ 42. Ka1 Qd1+ 43. Ka2 Qd5+ 44. b3 Qc6 45. Rh7 c4 46.
Rxh4 cxb3+ 47. Kxb3 Qxf3+ 48. Qc3 Qf7+ 49. Kb2 Qf2+ 50. Kb3 Qxh4 51. Qf3+ d5
52. Qf7 Qc4+ 53. Kb2 a5 54. a4 Qb4+ 55. Kc2 Qxa4+ 56. Kb1 Qb3+ 57. Ka1 Qc3+ 58.
Kb1 a4 59. Qf3 Qxf3 0-1

[Event "XII Open"]
[Site "Crema ITA"]
[Date "2010.09.05"]
[Round "2"]
[White "Guidi, Paolo"]
[Black "Adami, Alessandro"]
[Result "1-0"]
[WhiteElo "1884"]
[BlackElo "1675"]
[PlyCount "101"]
[EventDate "2010.09.03"]

1. Nf3 f5 2. d3 Nf6 3. e4 fxe4 4. dxe4 d6 5. e5 dxe5 6. Qxd8+ Kxd8 7. Nxe5 Be6
8. Nc3 Nbd7 9. Nf3 h6 10. h4 Bf7 11. Bf4 a6 12. O-O-O Kc8 13. Be2 b6 14. Ne5
Nxe5 15. Bxe5 Bh5 16. Bxh5 Nxh5 17. Nd5 Ra7 18. Rhe1 Nf6 19. Nf4 c5 20. Ng6 Rg8
21. Bg3 Rd7 22. Ne5 Rxd1+ 23. Kxd1 g5 24. hxg5 hxg5 25. Nc6 Rg7 26. c4 Rf7 27.
Ne5 Rg7 28. Re3 Nd7 29. Nc6 Rf7 30. Ke2 Nf6 31. Ne5 Rg7 32. Ra3 Kb7 33. Rd3 Ne4
34. Nd7 Nxg3+ 35. Rxg3 Rg8 36. Nxf8 Rxf8 37. Rxg5 Rf4 38. b3 Re4+ 39. Kf3 Re1
40. Rg4 Ra1 41. Re4 Rxa2 42. Rxe7+ Kc6 43. Re6+ Kc7 44. g4 Ra3 45. Re3 b5 46.
g5 bxc4 47. bxc4 Rxe3+ 48. Kxe3 Kd7 49. Kd3 Ke6 50. f4 a5 51. Kc3 1-0

[Event "XII Open"]
[Site "Crema ITA"]
[Date "2010.09.05"]
[Round "2"]
[White "Guzzetti, Luigi Enrico"]
[Black "Astengo, Marcello"]
[Result "0-1"]
[WhiteElo "1878"]
[BlackElo "2064"]
[PlyCount "74"]
[EventDate "2010.09.03"]

1. e4 e6 2. d4 d5 3. e5 c5 4. c3 Nc6 5. Nf3 Bd7 6. Be2 Nge7 7. b3 cxd4 8. cxd4
Nf5 9. O-O Rc8 10. Bb2 Qa5 11. a3 Qb6 12. b4 a6 13. g4 Nfe7 14. Nc3 h5 15. h3
hxg4 16. hxg4 Ng6 17. Qd2 Nh4 18. Nxh4 Qxd4 19. Qg5 Be7 20. Qxg7 Rxh4 21. Qg8+
Bf8 22. Qg5 Rh8 23. Kg2 Rc7 24. Na4 Qe4+ 25. Bf3 Qc2 26. Bd1 Qd3 27. Rh1 Rxh1
28. Kxh1 Qf1+ 29. Kh2 Qxf2+ 30. Kh3 b5 31. Nb6 Qxb6 32. Qf4 Ne7 33. Bd4 Rc4 34.
Bxb6 Rxf4 35. Rc1 Rc4 36. Rb1 Ng6 37. Be2 Nf4+ 0-1

[Event "XII Open"]
[Site "Crema ITA"]
[Date "2010.09.05"]
[Round "2"]
[White "Lucchese, Paolo"]
[Black "Bonade', Massimo"]
[Result "0-1"]
[WhiteElo "1917"]
[BlackElo "2091"]
[PlyCount "80"]
[EventDate "2010.09.03"]

1. e4 c5 2. Nf3 d6 3. d4 cxd4 4. Nxd4 Nf6 5. Nc3 a6 6. Bg5 e6 7. f4 Be7 8. Qf3
Qc7 9. O-O-O Nbd7 10. Bd3 h6 11. Qh3 Nc5 12. Nde2 Bd7 13. Bxf6 Bxf6 14. Kb1 b5
15. e5 dxe5 16. f5 O-O 17. Ng3 Nxd3 18. Rxd3 Rac8 19. Nge4 Bg5 20. Nxg5 exf5
21. Nge4 Be6 22. Nd6 b4 23. Nxc8 Rxc8 24. Qe3 e4 25. Rd4 bxc3 26. Qxc3 Qxc3 27.
bxc3 Rxc3 28. Kb2 Rc5 29. a4 g5 30. Rd6 a5 31. h4 Kg7 32. hxg5 hxg5 33. Rb6 Bc4
34. Re1 f6 35. Rd1 e3 36. Re1 f4 37. c3 Rd5 38. Kc1 Rd2 39. Rb2 Rd3 40. Kc2 Kg6
0-1

[Event "XII Open"]
[Site "Crema ITA"]
[Date "2010.09.05"]
[Round "2"]
[White "Madaschi, Sergio"]
[Black "Cecchini, Massimo S."]
[Result "0-1"]
[WhiteElo "1587"]
[BlackElo "1805"]
[PlyCount "82"]
[EventDate "2010.09.03"]

1. e4 c6 2. d4 d5 3. Nc3 dxe4 4. Nxe4 Bf5 5. Ng3 Bg6 6. Nf3 Nd7 7. h4 h6 8. h5
Bh7 9. Bd3 Bxd3 10. Qxd3 e6 11. Bf4 Qa5+ 12. Bd2 Bb4 13. c3 Be7 14. c4 Bb4 15.
Bxb4 Qxb4+ 16. Qc3 Qxc3+ 17. bxc3 Ngf6 18. O-O O-O 19. Rab1 b6 20. Rfe1 c5 21.
Rbd1 cxd4 22. cxd4 Rac8 23. Rc1 Rfd8 24. Kf1 Nb8 25. Red1 Nc6 26. Rd2 Ne7 27.
Rdc2 Kf8 28. a4 Rc7 29. Ke2 Rdc8 30. Kd3 Nc6 31. Rb1 Na5 32. Ne5 Nd5 33. Ne2 f6
34. Ng6+ Kf7 35. cxd5 Rxc2 36. dxe6+ Kxe6 37. Ngf4+ Kd6 38. Rb4 R2c4 39. Rxc4
Nxc4 40. Nc3 a6 41. Nfe2 Nb2+ 0-1

[Event "XII Open"]
[Site "Crema ITA"]
[Date "2010.09.05"]
[Round "2"]
[White "Mansueti, Marco"]
[Black "Guasconi, Lelio"]
[Result "1-0"]
[WhiteElo "1872"]
[BlackElo "1482"]
[PlyCount "123"]
[EventDate "2010.09.03"]

1. e4 e5 2. Nf3 Nc6 3. Bc4 d6 4. d3 a6 5. Nc3 Bg4 6. Bxf7+ Kd7 7. h3 Bxf3 8.
Qxf3 Nd4 9. Qg4+ Kc6 10. Bd5+ Kb6 11. Be3 c5 12. Bxd4 cxd4 13. Bxg8 Rxg8 14.
Nd5+ Ka7 15. Qe6 Rh8 16. O-O h5 17. f4 Rh6 18. Qf7 Rc8 19. Rf2 Qe8 20. Qxe8
Rxe8 21. Raf1 Be7 22. fxe5 dxe5 23. Rf7 Bf6 24. Nxf6 gxf6 25. R1xf6 Rhh8 26.
Rc7 Rc8 27. Rxc8 Rxc8 28. Rf2 h4 29. Kf1 a5 30. Ke1 Ka6 31. Kd2 Kb5 32. c3 Kc5
33. Kc2 Rg8 34. Kb3 Rg3 35. Rf5 Kd6 36. Kc4 dxc3 37. Kxc3 Rxg2 38. Rh5 b5 39.
a3 Rg1 40. Rxh4 Rc1+ 41. Kd2 Rg1 42. b4 Ra1 43. bxa5 Rxa3 44. Rh6+ Kc5 45. a6
b4 46. Re6 Ra2+ 47. Kc1 Kd4 48. Rd6+ Kc5 49. Rd5+ Kb6 50. Rxe5 Kxa6 51. h4 b3
52. h5 Rc2+ 53. Kb1 Rd2 54. Rd5 Re2 55. h6 Rh2 56. Rd6+ Kb7 57. e5 Kc7 58. d4
Kb7 59. d5 Kc7 60. Rg6 Kd7 61. Rg7+ Ke8 62. h7 1-0